Glimpses of world history / (Record no. 67056)
[ view plain ]
| 000 -LEADER | |
|---|---|
| fixed length control field | 00513nam a22001697a 4500 |
| 005 - DATE AND TIME OF LATEST TRANSACTION | |
| control field | 20120224115839.0 |
| 020 ## - INTERNATIONAL STANDARD BOOK NUMBER | |
| International Standard Book Number | 9780143031055 |
| Terms of availability | 699.00 |
| 037 ## - SOURCE OF ACQUISITION | |
| Source of stock number/acquisition | Virtuous/Ven |
| 082 ## - DEWEY DECIMAL CLASSIFICATION NUMBER | |
| Classification number | 909 |
| 100 ## - MAIN ENTRY--PERSONAL NAME | |
| Personal name | Nehru, Jawahar Lal |
| 245 ## - TITLE STATEMENT | |
| Title | Glimpses of world history / |
| Statement of responsibility, etc | by Jawahar Lal Nehru |
| 260 ## - PUBLICATION, DISTRIBUTION, ETC. (IMPRINT) | |
| Place of publication, distribution, etc | New Delhi |
| Name of publisher, distributor, etc | Penguin Books |
| Date of publication, distribution, etc | 2004 |
| 270 ## - ADDRESS | |
| Address | 11, Community Centre, panchsheel Park, |
| City | New Delhi |
| Postal code | 110017 |
| 300 ## - PHYSICAL DESCRIPTION | |
| Extent | xxxvii1155p |
| Dimensions | 23cm(pbk) |
| Other physical details | includes Index |
| 700 ## - ADDED ENTRY--PERSONAL NAME | |
| 9 (RLIN) | 42986 |
| 942 ## - ADDED ENTRY ELEMENTS (KOHA) | |
| Source of classification or shelving scheme | Dewey Decimal Classification |
| Item type | English Books |
| Call number suffix | .NEH |
| Call number prefix | 909 |
No items available.
